| 000 | 00996nam0a22002531 4500 | ||
|---|---|---|---|
| 001 | rc\3032841 | ||
| 005 | 20250806201703.0 | ||
| 035 | _a(NLR Aleph) 007173679 | ||
| 090 |
_a13738 _c13738 |
||
| 100 | _a20111003d1944 u y0rusy50 ca | ||
| 101 | 0 | _arus | |
| 102 | _aRU | ||
| 105 | _aa g ||||| | ||
| 200 | 1 |
_aСправочник войскового повара-хлебопека _fНКВД СССР. Упр. воен. снабжения. Прод. отдел |
|
| 210 |
_aМосква _cВоен. изд-во _d1944 _gтип. им. Тимошенко |
||
| 215 |
_a143 с., 1 л. табл. _cил., табл. _d20 см |
||
| 712 | 0 | 1 |
_aСССР _bНародный комиссариат внутренних дел _bУправление военного снабжения _4570 |
| 801 | 0 |
_aRU _bNLR _gpsbo |
|
| 801 | 1 |
_aRU _bELAR _2rusmarc |
|
| 852 |
_aNLR _jТ66 Г-3/21 |
||
| 942 | _cBOOK | ||
| 945 | _aРоссийская национальная библиотека | ||
| 980 | _aNB | ||
| 980 | _aBV | ||